000
00228nam a2200097Ia 4500
001
641758
005
20250826153513.0
008
250824s9999 xx 000 0 und d
245
0
_a
BUZ BEBEKLER
_c
MİYASE SERTBARUT
260
_b
TUDEM
999
_c
641758
_d
641758